Municipalities of Huelva (Spain) - Statistics

General Stats
  • This quiz has been taken 103 times
  • The average score is 31 of 80
Answers on the Map
Answers color-coded by a green-red scale on the quiz's map according to % correct below.
 
Answer Stats
Answer % Correct
Huelva
93%
Almonte
88%
Lepe
86%
Ayamonte
84%
Punta Umbría
84%
Moguer
81%
Aracena
79%
Isla Cristina
79%
Bollullos Par del Condado
74%
Palos de la Frontera
72%
Cartaya
70%
La Palma del Condado
67%
Gibraleón
65%
Niebla
63%
San Juan del Puerto
63%
Aljaraque
60%
Valverde del Camino
60%
Jabugo
53%
Alosno
51%
Trigueros
51%
Beas
49%
Rociana del Condado
49%
San Bartolomé de la Torre
49%
Cortegana
47%
Hinojos
47%
Zalamea la Real
47%
Aroche
44%
Minas de Riotinto
44%
Puebla de Guzmán
44%
Manzanilla
42%
Nerva
42%
Bonares
40%
Lucena del Puerto
40%
Paymogo
37%
Almonaster la Real
35%
Chucena
35%
El Campillo
35%
Sanlúcar de Guadiana
35%
Zufre
35%
Cabezas Rubias
33%
Cala
33%
Cumbres de Enmedio
33%
Cumbres Mayores
33%
Villablanca
33%
Villarrasa
33%
Alájar
30%
Rosal de la Frontera
30%
Santa Olalla del Cala
30%
Cañaveral de León
28%
Encinasola
28%
Escacena del Campo
28%
Villanueva de los Castillejos
28%
Paterna del Campo
26%
Villalba del Alcor
26%
Cumbres de San Bartolomé
23%
Hinojales
23%
Villanueva de las Cruces
23%
Arroyomolinos de León
21%
Berrocal
21%
Calañas
21%
Corteconcepción
21%
Fuenteheridos
21%
Galaroza
21%
Higuera de la Sierra
21%
La Nava
21%
San Silvestre de Guzmán
21%
Santa Ana la Real
21%
Santa Bárbara de Casa
21%
Campofrío
19%
Cortelazor
19%
La Granada de Río-Tinto
19%
Linares de la Sierra
19%
Los Marines
19%
El Granado
16%
El Almendro
14%
El Cerro de Andévalo
12%
Puerto Moral
12%
Valdelarco
12%
La Zarza-Perrunal
9%
Castaña del Robledo
7%
No matching quizzes found
Score Distribution
Percent of People with Each Score
Percentile by Number Answered
Your Score History
You have not taken this quiz